000 01760nam a2200421 i 4500
001 196846
003 ES-MaACL
005 20260113141239.0
008 250108s1883 sp spa
016 7 _abimoBNE20000593692
_zIND9900874939
_2SpMaBN
035 _a(OCoLC)432954716
035 _a(SpMaBN)bimo0001479309
035 _a991058726319708606
035 _aCCPB1995027386
035 _aCCPB000200172-1
040 _aSpMaBN
_bspa
_cCDM
100 0 _aTeresa de Jesús,
_cSanta,
_d1515-1582
_9226510
_eaut
240 _aCamino de perfección
245 1 0 _aReproducción foto-litográfica y fieles traslados impresos del Camino de perfección y el Modo de visitar los conventos /
_cescritos por Santa Teresa de Jesús y algunos autógrafos inéditos ; publicados por el Dr. D. Francisco Herrero Bayona.
260 _aValladolid :
_b[s.n.],
_c1883
_f(Tipo-foto-litografía de Luis N. de Gaviria, Impresor del I. Colegio de Abogados)
300 _a1 v. (pag. var.) :
_bil. ;
_c31 cm
336 _2rdacontent
_atexto
337 _2rdamedia
_asin mediación
338 _2rdacarrier
_avolumen
510 _aCCPB,
_c000153138-7
597 _aTexto a dos columnas.
597 _aPortada a dos tintas.
599 _aH. de grabados calcográficos.: "B. Maura Gco. Madrid 1882" representando a Santa Teresa.
650 4 _915086
_aMisticismo
650 7 _9136680
_aPerfección cristiana
700 1 _aHerrero Bayona, Francisco,
_d1823-1899
_9239425
_epbl
752 _aEspaña
_dValladolid
852 _aES-MaACL
_9204497
_jG-15999
_cDEPO2
_hLegado: Juan Antonio Porto
903 _993285
_aPorto, Juan Antonio,
_d1937-2021
_ednr
942 _cMONANT
_n0
999 _c196846
_d196846